[Event "IX Festival Piemonte Scacchi"]
[Site "Torino ITA"]
[Date "2009.09.19"]
[Round "3"]
[White "Spina, Pierluca"]
[Black "Christen, Peter Walter"]
[Result "1-0"]
[WhiteElo "1700"]
[BlackElo "1420"]
[PlyCount "59"]
[EventDate "2009.09.18"]

1. e4 e6 2. d4 d5 3. Nd2 c5 4. c3 Nc6 5. Ngf3 Bd7 6. Bd3 cxd4 7. cxd4 Bb4 8.
O-O Bxd2 9. Bxd2 Nge7 10. Re1 O-O 11. Qe2 f5 12. exd5 exd5 13. Bg5 Re8 14. Bb5
Kf8 15. Bxc6 Bxc6 16. Qe5 Qd7 17. Qg3 Ng6 18. h4 Qf7 19. h5 Nh8 20. h6 g6 21.
Ne5 Qg8 22. Bf6 Re6 23. Bg7+ Ke8 24. Qc3 Rc8 25. Qc5 a6 26. Rac1 Nf7 27. Nxc6
Rcxc6 28. Qxd5 Nd8 29. Bf6 Rxe1+ 30. Rxe1+ 1-0

[Event "IX Festival Piemonte Scacchi"]
[Site "Torino ITA"]
[Date "2009.09.19"]
[Round "3"]
[White "Topczewski, Damian"]
[Black "Dvirnyy, Danyyil"]
[Result "0-1"]
[WhiteElo "2126"]
[BlackElo "2447"]
[PlyCount "44"]
[EventDate "2009.09.18"]

1. e4 c5 2. Na3 Nc6 3. Bb5 Qc7 4. Nf3 Nf6 5. Bxc6 Qxc6 6. d3 g6 7. O-O Bg7 8.
c3 O-O 9. e5 Nd5 10. d4 c4 11. Nc2 b6 12. Ne3 Bb7 13. Nxd5 Qxd5 14. Bg5 f6 15.
exf6 exf6 16. Be3 Rae8 17. Qd2 Re4 18. h3 g5 19. Ne1 Rfe8 20. b3 b5 21. bxc4
bxc4 22. Rb1 Bc6 0-1

[Event "IX Festival Piemonte Scacchi"]
[Site "Torino ITA"]
[Date "2009.09.19"]
[Round "3"]
[White "Xia, Jie"]
[Black "Faraoni, Enrico"]
[Result "1-0"]
[WhiteElo "2241"]
[BlackElo "2088"]
[PlyCount "57"]
[EventDate "2009.09.18"]

1. e4 g5 2. d4 h6 3. h4 g4 4. Nc3 d6 5. Nge2 Bg7 6. Nf4 g3 7. fxg3 c5 8. Bc4
Bxd4 9. Qh5 Bxc3+ 10. bxc3 e6 11. Nxe6 Bxe6 12. Bxe6 Qe7 13. Bf5 Nf6 14. Qf3
Nc6 15. O-O Ne5 16. Qe2 Kd8 17. Qb5 Kc7 18. Rb1 b6 19. a4 Qe8 20. Qb3 Qc6 21.
Bf4 c4 22. Qa3 Rae8 23. Rb5 a6 24. Bxe5 dxe5 25. Rb2 Qc5+ 26. Qxc5+ bxc5 27.
Bh3 Ng8 28. Rxf7+ Re7 29. Rf8 1-0

[Event "IX Festival Piemonte Scacchi"]
[Site "Torino ITA"]
[Date "2009.09.20"]
[Round "4"]
[White "Berutti, Mario"]
[Black "Finocchiaro, Gianluca"]
[Result "0-1"]
[WhiteElo "1718"]
[BlackElo "2088"]
[PlyCount "88"]
[EventDate "2009.09.18"]

1. e4 d6 2. d4 Nf6 3. Be3 Nxe4 4. Bd3 Nf6 5. Nc3 Nbd7 6. f3 c6 7. g4 e5 8. Nge2
Be7 9. Ng3 exd4 10. Bxd4 Ne5 11. Bxe5 dxe5 12. Qe2 Qa5 13. O-O-O O-O 14. g5 Nd5
15. Nxd5 cxd5 16. Qxe5 Qd8 17. Nh5 Bxg5+ 18. Kb1 Bf6 19. Qf4 Qb6 20. b3 Bd7 21.
Rhg1 Kh8 22. Nxg7 Qd4 23. Qxd4 Bxd4 24. Nh5 Bxg1 25. Rxg1 Rg8 26. Re1 Rae8 27.
Rd1 Rg2 28. Nf6 Rd8 29. h4 Be6 30. Nxh7 Rh2 31. f4 Rxh4 32. f5 Rxh7 33. fxe6
Rh6 34. exf7 Kg7 35. Be2 Kxf7 36. Rd4 Rdd6 37. Bf3 Ke6 38. c4 dxc4 39. Rxc4 b6
40. Kb2 Rh2+ 41. Ka3 Rdd2 42. Rc7 Rxa2+ 43. Kb4 Rh4+ 44. Kb5 Ra5+ 0-1

[Event "IX Festival Piemonte Scacchi"]
[Site "Torino ITA"]
[Date "2009.09.20"]
[Round "4"]
[White "Christen, Peter Walter"]
[Black "Fassero, Fabrizio"]
[Result "0-1"]
[WhiteElo "1420"]
[BlackElo "1635"]
[PlyCount "77"]
[EventDate "2009.09.18"]

1. e4 e6 2. d4 d5 3. Nc3 Nf6 4. Bg5 dxe4 5. Nxe4 Be7 6. Nxf6+ Bxf6 7. Bxf6 Qxf6
8. Nf3 O-O 9. c3 b6 10. g3 Bb7 11. Bg2 Rd8 12. Qe2 Nd7 13. O-O a5 14. Rfe1 c5
15. Rad1 cxd4 16. Rxd4 Nc5 17. Red1 Rxd4 18. Rxd4 Rd8 19. Rxd8+ Qxd8 20. Ne1
Bxg2 21. Nxg2 Qd5 22. Ne3 Qd3 23. Qxd3 Nxd3 24. Nc4 b5 25. Nd6 Kf8 26. b3 Nc1
27. Nxb5 Nxa2 28. f4 Ke7 29. c4 Nc1 30. Nd4 Kd6 31. Kf2 Kc5 32. Ke3 h5 33. h4
Na2 34. Kd3 Nb4+ 35. Kc3 Na6 36. Nc2 f6 37. Nd4 e5 38. fxe5 fxe5 39. Ne6+ 0-1

[Event "IX Festival Piemonte Scacchi"]
[Site "Torino ITA"]
[Date "2009.09.20"]
[Round "4"]
[White "Cocuzzi, Edoardo"]
[Black "Moncelli, Giorgio"]
[Result "1-0"]
[WhiteElo "1967"]
[BlackElo "2071"]
[PlyCount "59"]
[EventDate "2009.09.18"]

1. e4 e5 2. Bc4 Nf6 3. d3 c6 4. Nc3 d5 5. exd5 cxd5 6. Bb3 Bb4 7. a3 Ba5 8. Bd2
O-O 9. Nge2 Nc6 10. O-O h6 11. h3 Re8 12. f4 Bb6+ 13. Kh1 e4 14. dxe4 dxe4 15.
Na4 Bc7 16. Be3 b6 17. Nac3 Bb7 18. g4 Ne7 19. Qe1 Qc8 20. Rd1 Rd8 21. Rxd8+
Qxd8 22. Qc1 Qe8 23. g5 hxg5 24. fxg5 Nfd5 25. g6 Nxg6 26. Nxd5 Bxd5 27. Bxd5
Qd7 28. Bxf7+ Kh8 29. Ng1 Qd6 30. Qd2 1-0

[Event "IX Festival Piemonte Scacchi"]
[Site "Torino ITA"]
[Date "2009.09.20"]
[Round "4"]
[White "Davter, Mauro"]
[Black "Femia, Nicola"]
[Result "0-1"]
[WhiteElo "1611"]
[BlackElo "1840"]
[PlyCount "107"]
[EventDate "2009.09.18"]

1. Nf3 d5 2. d4 e6 3. c4 Nf6 4. g3 Be7 5. Bg2 O-O 6. O-O c6 7. Qc2 Nbd7 8. b3
Re8 9. Nbd2 Nf8 10. Ne5 Bd7 11. Rd1 h6 12. e4 dxe4 13. Nxe4 Nxe4 14. Bxe4 f5
15. Bg2 Qc8 16. Bb2 Rd8 17. d5 cxd5 18. Nxd7 Rxd7 19. Rac1 dxc4 20. Rxd7 Nxd7
21. Qxc4 Qxc4 22. Rxc4 Bf6 23. Bxf6 Nxf6 24. Bxb7 Rd8 25. Rc8 Rxc8 26. Bxc8 Kf7
27. Bb7 Ke7 28. Kf1 Kd6 29. b4 Ng4 30. h3 Ne5 31. Ke2 Nc4 32. Kd3 Nb6 33. f4 e5
34. fxe5+ Kxe5 35. Bf3 g5 36. Bd1 Nd5 37. a3 f4 38. g4 Nc7 39. a4 Nd5 40. b5
Kd6 41. Kd4 Nc7 42. Bf3 Ne6+ 43. Kc4 Ke5 44. a5 Kd6 45. b6 axb6 46. axb6 Nf8
47. Kd4 Nd7 48. b7 Kc7 49. Ke4 Kxb7 50. Kf5+ Kc7 51. Kg6 Ne5+ 52. Kxh6 Nxf3 53.
Kg6 Kd6 54. Kf5 0-1

[Event "IX Festival Piemonte Scacchi"]
[Site "Torino ITA"]
[Date "2009.09.20"]
[Round "4"]
[White "De Renzi, Giuseppe"]
[Black "Fassio, Francesco"]
[Result "0-1"]
[WhiteElo "1491"]
[BlackElo "1624"]
[PlyCount "111"]
[EventDate "2009.09.18"]

1. Nf3 Nf6 2. d4 d5 3. e3 Bg4 4. h3 Bh5 5. g4 Bg6 6. Ne5 e6 7. h4 h6 8. Nxg6
fxg6 9. Bd3 Bd6 10. Bxg6+ Ke7 11. h5 Nbd7 12. Nc3 c6 13. Qe2 Nf8 14. e4 Bb4 15.
Bd2 Nxg6 16. hxg6 Bxc3 17. Bxc3 Nxe4 18. Bb4+ Kd7 19. O-O-O a5 20. Ba3 b5 21.
b3 b4 22. Bb2 Rf8 23. Rhf1 Qg5+ 24. Qe3 Qxg6 25. Rde1 Qg5 26. f3 Qxe3+ 27. Rxe3
Ng5 28. Kd1 Rf7 29. Ke2 Raf8 30. Bc1 Nh3 31. Rh1 Ng5 32. Rf1 Ne4 33. f4 Rxf4
34. Rxf4 Rxf4 35. Rf3 Rxf3 36. Kxf3 g5 37. Ke3 Kd6 38. Bb2 Nf6 39. Kf3 Nd7 40.
Ke3 e5 41. dxe5+ Nxe5 42. Kf2 Nxg4+ 43. Kf3 Ne5+ 44. Kg3 c5 45. a3 d4 46. axb4
axb4 47. Bc1 Kd5 48. Bd2 Ke4 49. Kf2 Nf3 50. Bc1 h5 51. Kf1 h4 52. Kg2 g4 53.
Kf2 h3 54. Kg3 h2 55. Kg2 g3 56. Bh6 0-1

[Event "IX Festival Piemonte Scacchi"]
[Site "Torino ITA"]
[Date "2009.09.20"]
[Round "4"]
[White "Dvirnyy, Danyyil"]
[Black "Castaldo, Folco"]
[Result "1/2-1/2"]
[WhiteElo "2447"]
[BlackElo "2401"]
[PlyCount "61"]
[EventDate "2009.09.18"]

1. e4 c5 2. Nf3 g6 3. d4 cxd4 4. Nxd4 Nc6 5. c4 Nf6 6. Nc3 d6 7. Be2 Bg7 8. Nc2
O-O 9. O-O Bd7 10. Rb1 a6 11. Kh1 Rc8 12. f3 Re8 13. Bd2 Qc7 14. b3 Qb8 15. Be3
Ng4 16. Bd2 Nf6 17. a4 b6 18. Nd5 e6 19. Nc3 Rcd8 20. Bf4 Bc8 21. Qd2 Qc7 22.
Rfd1 Ne5 23. Rbc1 Bb7 24. Nd4 Ned7 25. Bg5 Nc5 26. Qa2 Qe7 27. b4 Ncd7 28. Bf1
h6 29. Bh4 g5 30. Bg3 Nh5 31. Bf2 1/2-1/2

[Event "IX Festival Piemonte Scacchi"]
[Site "Torino ITA"]
[Date "2009.09.20"]
[Round "4"]
[White "Egli, Urs"]
[Black "Xia, Jie"]
[Result "1-0"]
[WhiteElo "2045"]
[BlackElo "2241"]
[PlyCount "59"]
[EventDate "2009.09.18"]

1. e4 g6 2. d4 Bg7 3. Nc3 d6 4. Be3 Nf6 5. Qd2 O-O 6. O-O-O c6 7. f3 b5 8. g4
Qa5 9. a3 Nbd7 10. h4 b4 11. Nb1 c5 12. b3 Nb6 13. h5 Bxg4 14. hxg6 fxg6 15.
fxg4 cxd4 16. Bxd4 Nxe4 17. Qh2 Qg5+ 18. Kb2 bxa3+ 19. Nxa3 h6 20. Bc4+ d5 21.
Bxd5+ Nxd5 22. Bxg7 Kxg7 23. Rxd5 Qxd5 24. Qxh6+ Kf7 25. Nf3 Qe6 26. Rf1 Ke8
27. Nd4 Qg8 28. Rxf8+ Qxf8 29. Qxg6+ Qf7 30. Qc6+ 1-0

[Event "IX Festival Piemonte Scacchi"]
[Site "Torino ITA"]
[Date "2009.09.20"]
[Round "4"]
[White "Faraoni, Enrico"]
[Black "Chiarion, Elisa"]
[Result "1/2-1/2"]
[WhiteElo "2088"]
[BlackElo "1928"]
[PlyCount "81"]
[EventDate "2009.09.18"]

1. g4 d5 2. Bg2 Bxg4 3. c4 c6 4. cxd5 cxd5 5. Nc3 Nf6 6. Qb3 e6 7. Qxb7 Nbd7 8.
Nf3 Be7 9. Rg1 O-O 10. d4 a5 11. Bf4 Rc8 12. Nd2 Nh5 13. Bh6 Rb8 14. Qa6 Rxb2
15. Bxd5 Ndf6 16. Bb3 Qxd4 17. Qc4 Qxc4 18. Nxc4 Bb4 19. Bd2 Bxc3 20. Nxb2 Bxb2
21. Rb1 Be5 22. f3 Bf5 23. e4 Bh3 24. Kf2 Rd8 25. Be3 Nf4 26. Bc4 h6 27. Rb5
Bc7 28. Rb7 Be5 29. Rb5 Bc7 30. Rb7 Be5 31. Rb5 Bd4 32. Rxa5 Bxe3+ 33. Kxe3
Ng2+ 34. Kf2 Nf4 35. Kg3 g5 36. Kf2 Ng2 37. Kg3 Nh5+ 38. Kxh3 Ngf4+ 39. Kg4 Rd2
40. h4 Nf6+ 41. Kg3 1/2-1/2

[Event "IX Festival Piemonte Scacchi"]
[Site "Torino ITA"]
[Date "2009.09.20"]
[Round "4"]
[White "Flego, Dario"]
[Black "Di Chiara, Mauro"]
[Result "0-1"]
[WhiteElo "1595"]
[BlackElo "1862"]
[PlyCount "114"]
[EventDate "2009.09.18"]

1. c4 d6 2. g3 e5 3. Nc3 g6 4. Bg2 Bg7 5. e4 Nf6 6. Nge2 Nc6 7. O-O O-O 8. d4
exd4 9. Nxd4 Bg4 10. Nf3 Re8 11. h3 Be6 12. Qe2 Na5 13. Nd2 Qc8 14. Kh2 Nd7 15.
Nd5 Nxc4 16. Qxc4 c6 17. Qb4 cxd5 18. exd5 Bf5 19. Nc4 Bd3 20. Nxd6 Bf8 21. Rd1
Bc2 22. Rd4 Bxd6 23. Qxd6 Re2 24. Rd2 Rxd2 25. Bxd2 Nb6 26. Bh6 Qf5 27. g4 Nc4
28. Qe7 Qe5+ 29. Qxe5 Nxe5 30. Rc1 Bd3 31. Rc7 Ba6 32. Re7 Nc4 33. b3 Nd6 34.
Bf4 Rd8 35. Be3 Kf8 36. Rc7 Ke8 37. Bg5 Rc8 38. Rxc8+ Nxc8 39. Bf4 Kd7 40. Kg3
Nd6 41. Kf3 Bd3 42. Ke3 Bb1 43. Bxd6 Kxd6 44. a3 Ba2 45. b4 Bxd5 46. Bxd5 Kxd5
47. Kd3 Ke5 48. Ke3 g5 49. b5 f5 50. f3 f4+ 51. Kd3 Kd5 52. a4 b6 53. Kc3 Kc5
54. Kd3 Kb4 55. Ke4 Kxa4 56. Kf5 Kxb5 57. Kxg5 a5 0-1

[Event "IX Festival Piemonte Scacchi"]
[Site "Torino ITA"]
[Date "2009.09.20"]
[Round "4"]
[White "Ghisio, Paolo"]
[Black "Porzio, Franco"]
[Result "1-0"]
[WhiteElo "1288"]
[BlackElo "1749"]
[PlyCount "65"]
[EventDate "2009.09.18"]

1. e4 e5 2. Nf3 Nf6 3. d3 Nc6 4. Nc3 d5 5. exd5 Nxd5 6. Nxd5 Qxd5 7. Qe2 Bc5 8.
Bf4 O-O 9. Bd2 Bg4 10. c4 Qd6 11. Qe4 Bh5 12. Be2 Rad8 13. O-O Bg6 14. Qh4 Bxd3
15. Bxd3 Qxd3 16. Rad1 Qg6 17. Rfe1 Rfe8 18. Nxe5 Nxe5 19. Rxe5 Bxf2+ 20. Kxf2
Qc2 21. Rxe8+ Rxe8 22. Qg4 f5 23. Qf3 g5 24. Qd5+ Kg7 25. Re1 Re4 26. Rxe4 fxe4
27. Qxg5+ Kf7 28. Kg3 Qd3+ 29. Qe3 Qd6+ 30. Qf4+ Ke6 31. Qxd6+ cxd6 32. Kf4 d5
33. g4 1-0

[Event "IX Festival Piemonte Scacchi"]
[Site "Torino ITA"]
[Date "2009.09.20"]
[Round "4"]
[White "Giacomasso, Enrico"]
[Black "Martin, Tiziano"]
[Result "1/2-1/2"]
[WhiteElo "2012"]
[BlackElo "1967"]
[PlyCount "119"]
[EventDate "2009.09.18"]

1. e4 e5 2. Nf3 Nc6 3. Bb5 d6 4. c3 Bd7 5. d4 Nge7 6. O-O Ng6 7. Re1 Be7 8.
Nbd2 Bf6 9. Nf1 O-O 10. Ng3 a6 11. Ba4 b5 12. Bb3 Rb8 13. a3 Bg4 14. d5 Na5 15.
Bc2 Nh4 16. Bd3 Bxf3 17. gxf3 Bg5 18. Bf1 Bxc1 19. Rxc1 Qf6 20. Bg2 Nc4 21. Qe2
g6 22. a4 Qg5 23. Kh1 Nxg2 24. Kxg2 f5 25. Kh1 f4 26. Nf1 Qh5 27. axb5 axb5 28.
b3 Na5 29. Nd2 g5 30. Rg1 Nb7 31. Rg4 Kh8 32. Rcg1 h6 33. b4 Nd8 34. Ra1 Rg8
35. Qf1 Qg6 36. Qh3 Nf7 37. Rgg1 h5 38. Ra7 Nh6 39. Qd7 Rg7 40. Qc6 Qf7 41. Ra8
Qg8 42. Rga1 Kh7 43. Rxb8 Qxb8 44. Ra8 Qb6 45. Qxb6 cxb6 46. Ra6 Rb7 47. Kg2 g4
48. Nb1 Nf7 49. h4 gxh3+ 50. Kxh3 Ng5+ 51. Kg2 h4 52. Nd2 Rg7 53. Kh2 Rb7 54.
Kg2 h3+ 55. Kh2 Kh6 56. Ra8 Rc7 57. Ra3 Kh5 58. Kh1 Rc8 59. Kh2 Kh4 60. Kh1
1/2-1/2

[Event "IX Festival Piemonte Scacchi"]
[Site "Torino ITA"]
[Date "2009.09.20"]
[Round "4"]
[White "Giacone, Maurizio"]
[Black "Sotgia, Cosimo"]
[Result "1-0"]
[WhiteElo "1653"]
[BlackElo "1872"]
[PlyCount "119"]
[EventDate "2009.09.18"]

1. e4 e5 2. Nf3 Nc6 3. d4 exd4 4. Nxd4 Bc5 5. Nxc6 Qf6 6. Qe2 dxc6 7. c3 Be6 8.
Be3 Bxe3 9. Qxe3 Ne7 10. Nd2 Ng6 11. Nf3 Ne5 12. Nxe5 Qxe5 13. Bd3 O-O 14. O-O
b6 15. Bc2 Rad8 16. Rfd1 Qb5 17. b3 a5 18. Rxd8 Rxd8 19. f3 a4 20. b4 Qc4 21.
Bxa4 Rd3 22. Qe1 Rxc3 23. Rd1 Rd3 24. Rxd3 Qxd3 25. Bxc6 Bxa2 26. h3 Qb1 27.
Qxb1 Bxb1 28. Bd5 Bd3 29. Kf2 Kf8 30. Ke3 Bf1 31. Kf2 Bb5 32. h4 Ke7 33. f4 f6
34. Ke3 Kd6 35. g3 f5 36. Bg8 h6 37. exf5 Bd7 38. Ke4 Bc6+ 39. Kd4 Bd7 40. g4
Bc8 41. Bc4 Bd7 42. Bd3 Be8 43. g5 hxg5 44. fxg5 Bh5 45. Bc4 c5+ 46. bxc5+
bxc5+ 47. Ke4 Bd1 48. f6 gxf6 49. gxf6 Bh5 50. Kf5 Bd1 51. Kg5 Kd7 52. h5 Ke8
53. Kg6 Kf8 54. Kg5 Bc2 55. Kf4 Bh7 56. Ke5 Bg8 57. Bxg8 Kxg8 58. h6 c4 59. Kd4
Kf7 60. h7 1-0

[Event "IX Festival Piemonte Scacchi"]
[Site "Torino ITA"]
[Date "2009.09.20"]
[Round "4"]
[White "Gussone, Claudio"]
[Black "Grattarola, Fabio"]
[Result "0-1"]
[WhiteElo "1809"]
[BlackElo "2081"]
[PlyCount "114"]
[EventDate "2009.09.18"]

1. Nf3 d5 2. g3 Nf6 3. Bg2 c5 4. d4 e6 5. O-O Nc6 6. c4 cxd4 7. cxd5 Nxd5 8.
Nxd4 Bd7 9. e4 Nc7 10. Be3 Be7 11. Nc3 O-O 12. f4 a6 13. Qd2 Nxd4 14. Bxd4 Bc6
15. Rfd1 Qb8 16. Qf2 b5 17. e5 Bxg2 18. Qxg2 b4 19. Ne4 Nd5 20. Nc5 Qb5 21. Qf2
Rfc8 22. Rdc1 Rd8 23. Rc2 Rac8 24. Rac1 h6 25. f5 Nc3 26. fxe6 fxe6 27. bxc3
Bxc5 28. Bxc5 Rxc5 29. cxb4 Rxe5 30. Rc5 Rxc5 31. Qxc5 Qe2 32. Qf2 Qxf2+ 33.
Kxf2 Rd2+ 34. Kf3 Rxa2 35. h4 Kf7 36. Rc3 Kf6 37. Rb3 h5 38. Ke4 Ra4 39. Kf3
Kf5 40. b5 axb5 41. Rxb5+ e5 42. Rb3 Ra2 43. Re3 g6 44. Rb3 Ra4 45. Re3 e4+ 46.
Kg2 Ra2+ 47. Kf1 Ke5 48. Rb3 Rd2 49. Rb8 Kf5 50. Rf8+ Kg4 51. Rf4+ Kxg3 52.
Rxe4 Rf2+ 53. Kg1 Rf4 54. Re6 Rg4 55. Re3+ Kf4+ 56. Kf2 Rxh4 57. Re6 Rg4 0-1

[Event "IX Festival Piemonte Scacchi"]
[Site "Torino ITA"]
[Date "2009.09.20"]
[Round "4"]
[White "Malano, Francesco"]
[Black "Topczewski, Damian"]
[Result "1-0"]
[WhiteElo "1894"]
[BlackElo "2126"]
[PlyCount "75"]
[EventDate "2009.09.18"]

1. f4 e5 2. fxe5 d6 3. exd6 Bxd6 4. Nf3 g5 5. g3 g4 6. Nh4 f5 7. d4 f4 8. Qd3
Qe7 9. Nc3 c6 10. Bd2 Na6 11. Ne4 Bc7 12. c3 Be6 13. Bg2 O-O-O 14. O-O Rf8 15.
Rf2 Nh6 16. Raf1 fxg3 17. hxg3 Rxf2 18. Rxf2 Nf7 19. a3 Rd8 20. Nf5 Bxf5 21.
Rxf5 h6 22. Bf4 Bxf4 23. Rxf4 Nc7 24. Nf6 Ng5 25. Qf5+ Kb8 26. e4 Qf7 27. Qxg4
Qb3 28. Qe2 Nce6 29. Rf1 Qb6 30. Kh2 a5 31. e5 Qc7 32. Be4 h5 33. Nxh5 Nxe4 34.
Qxe4 Rh8 35. g4 Ng7 36. Qg6 Qe7 37. Kg3 Nxh5+ 38. gxh5 1-0

[Event "IX Festival Piemonte Scacchi"]
[Site "Torino ITA"]
[Date "2009.09.20"]
[Round "4"]
[White "Manni, Stefano"]
[Black "Spina, Pierluca"]
[Result "1-0"]
[WhiteElo "1980"]
[BlackElo "1700"]
[PlyCount "81"]
[EventDate "2009.09.18"]

1. e4 Nf6 2. e5 Nd5 3. Nc3 Nxc3 4. dxc3 Nc6 5. Nf3 e6 6. Bg5 Be7 7. Bxe7 Qxe7
8. Bd3 d6 9. Qe2 Bd7 10. a4 dxe5 11. Nxe5 Nxe5 12. Qxe5 O-O-O 13. Qxg7 Rdg8 14.
Qd4 Kb8 15. Be4 f5 16. Bf3 e5 17. Qe3 f4 18. Qe2 Bf5 19. O-O-O Rd8 20. Qb5 Bc8
21. Rde1 Qd6 22. Rxe5 Qd2+ 23. Kb1 Qxf2 24. Rhe1 a6 25. Qc4 Rd2 26. Re7 Rxc2
27. Qxc7+ Ka7 28. Qxb7+ Bxb7 29. Rxb7+ Ka8 30. Rb4+ Qxf3 31. gxf3 Rxh2 32. Re6
Ka7 33. Re7+ Ka8 34. Rxf4 Rd2 35. Rf6 h5 36. Rxa6+ Kb8 37. Rb6+ Kc8 38. Rc6+
Kd8 39. Ra7 Rh2 40. Rg6 Rf8 41. Rgg7 1-0

[Event "IX Festival Piemonte Scacchi"]
[Site "Torino ITA"]
[Date "2009.09.20"]
[Round "4"]
[White "Pettorusso, Aldo"]
[Black "D'Amato, Piergiorgio"]
[Result "0-1"]
[WhiteElo "1625"]
[BlackElo "1924"]
[PlyCount "50"]
[EventDate "2009.09.18"]

1. Nf3 Nf6 2. d4 g6 3. g3 Bg7 4. Bg2 O-O 5. c4 d6 6. Nc3 c6 7. O-O Qc7 8. Bf4
Nbd7 9. c5 Re8 10. Qd2 Nh5 11. cxd6 exd6 12. e4 Nxf4 13. Qxf4 Nf6 14. Rac1 Qe7
15. e5 dxe5 16. dxe5 Ng4 17. Rcd1 Nxe5 18. Nd4 Bg4 19. Rd2 Qf8 20. Ne4 Bh6 21.
Qf6 Bxd2 22. Nxd2 Rad8 23. N2b3 Qg7 24. Qf4 Bc8 25. Nc5 Nd3 0-1

[Event "IX Festival Piemonte Scacchi"]
[Site "Torino ITA"]
[Date "2009.09.20"]
[Round "4"]
[White "Quirico, Paolo"]
[Black "Babilonia, Mauricio Rafael"]
[Result "1/2-1/2"]
[WhiteElo "2095"]
[BlackElo "1998"]
[PlyCount "43"]
[EventDate "2009.09.18"]

1. d4 d5 2. Bf4 Nf6 3. e3 g6 4. Nf3 Bg7 5. Be2 Nbd7 6. h3 O-O 7. O-O Re8 8.
Nbd2 c5 9. c3 Ne4 10. Nxe4 dxe4 11. Nd2 cxd4 12. cxd4 e5 13. dxe5 Nxe5 14. Nxe4
Qb6 15. Nd6 Rd8 16. Nxc8 Raxc8 17. Qb3 Qxb3 18. axb3 Rc2 19. Bf3 Nxf3+ 20. gxf3
Rxb2 21. Rxa7 Rxb3 22. Rc1 1/2-1/2

[Event "IX Festival Piemonte Scacchi"]
[Site "Torino ITA"]
[Date "2009.09.20"]
[Round "4"]
[White "Ranieri, Fabrizio"]
[Black "Boetto, Massimo"]
[Result "1-0"]
[WhiteElo "2264"]
[BlackElo "2015"]
[PlyCount "73"]
[EventDate "2009.09.18"]

1. e4 e6 2. d4 d5 3. Nc3 Nf6 4. Bg5 Bb4 5. e5 h6 6. Bd2 Bxc3 7. bxc3 Ne4 8. Qg4
g6 9. Bd3 Nxd2 10. Kxd2 c5 11. h4 Nc6 12. Nf3 Qe7 13. Rab1 c4 14. Be2 b6 15. h5
g5 16. Nh2 Bd7 17. Qf3 O-O-O 18. Ng4 Kc7 19. Qe3 Rdg8 20. Nf6 Rb8 21. f4 gxf4
22. Qxf4 Kb7 23. g4 Na5 24. g5 hxg5 25. Qxg5 Ba4 26. Rb4 b5 27. Qg7 Nc6 28.
Rbb1 Ka6 29. h6 Qa3 30. Nd7 Rbg8 31. Qf6 Qe7 32. Qxe7 Nxe7 33. h7 Rg7 34. Nf6
Nf5 35. Rbg1 Ng3 36. Bf3 Kb6 37. Rg2 1-0

[Event "IX Festival Piemonte Scacchi"]
[Site "Torino ITA"]
[Date "2009.09.20"]
[Round "4"]
[White "Ravazzolo, Gildo"]
[Black "Nigrelli, Vittorio"]
[Result "0-1"]
[WhiteElo "1692"]
[BlackElo "1473"]
[PlyCount "68"]
[EventDate "2009.09.18"]

1. d4 Nf6 2. c4 g6 3. Bf4 Bg7 4. e3 O-O 5. Bd3 b6 6. Nf3 Bb7 7. h3 d6 8. O-O
Nbd7 9. Nbd2 c5 10. Re1 Re8 11. Qc2 e5 12. dxe5 dxe5 13. Bg3 e4 14. Nxe4 Bxe4
15. Rad1 Bxd3 16. Rxd3 Qe7 17. Bh4 Ne5 18. Nxe5 Qxe5 19. Bg3 Qf5 20. Red1 Rad8
21. Qe2 Rxd3 22. Rxd3 Nh5 23. Bh2 Nf4 24. Bxf4 Qxf4 25. Qd2 Qe5 26. Rd7 Qxb2
27. Qd5 Qf6 28. Rxa7 Qe6 29. Qf3 Qxc4 30. Qc6 Qe6 31. Qb7 c4 32. Ra6 Qc8 33.
Qxb6 c3 34. a4 c2 0-1

[Event "IX Festival Piemonte Scacchi"]
[Site "Torino ITA"]
[Date "2009.09.20"]
[Round "4"]
[White "Riccardi, Mauro"]
[Black "Iacomussi, Mario"]
[Result "1-0"]
[WhiteElo "1620"]
[BlackElo "1772"]
[PlyCount "45"]
[EventDate "2009.09.18"]

1. d4 Nf6 2. Bg5 e6 3. e4 Be7 4. Nd2 d5 5. e5 Nfd7 6. Bxe7 Qxe7 7. Bd3 c5 8. c3
Nc6 9. Ndf3 c4 10. Bc2 b5 11. Nh3 Bb7 12. a3 h6 13. Nd2 Rd8 14. O-O h5 15. f4
g6 16. Nf3 Nf8 17. Qd2 Kd7 18. Nhg5 Kc8 19. Qe1 f6 20. exf6 Qxf6 21. Ne5 Re8
22. Ngf7 Nxe5 23. fxe5 1-0

[Event "IX Festival Piemonte Scacchi"]
[Site "Torino ITA"]
[Date "2009.09.20"]
[Round "4"]
[White "Rombaldoni, Brian"]
[Black "Ravazzolo, Gaia"]
[Result "0-1"]
[WhiteElo "1869"]
[BlackElo "1675"]
[PlyCount "64"]
[EventDate "2009.09.18"]

1. b3 Nf6 2. Bb2 d5 3. e3 Bf5 4. f4 c6 5. Nf3 Nbd7 6. Be2 Bg4 7. O-O e6 8. Ne5
Bxe2 9. Qxe2 Qc7 10. d3 Bd6 11. Ng4 O-O-O 12. Nd2 Rhg8 13. Nxf6 Nxf6 14. Nf3
Rdf8 15. c4 Kb8 16. Rfc1 Qe7 17. d4 Ne4 18. c5 Bc7 19. b4 g5 20. fxg5 Nxg5 21.
a4 Nxf3+ 22. Qxf3 Qh4 23. Kf1 Qxh2 24. b5 Rg3 25. Qf2 Rfg8 26. Rc2 h5 27. Re1
R3g5 28. g4 Qh3+ 29. Ke2 Bg3 30. Qf1 Qxg4+ 31. Kd3 Qe4+ 32. Kc3 Bxe1+ 0-1

[Event "IX Festival Piemonte Scacchi"]
[Site "Torino ITA"]
[Date "2009.09.20"]
[Round "4"]
[White "Sorcinelli, Francesco"]
[Black "Medaglia, Enzo"]
[Result "1-0"]
[WhiteElo "2187"]
[BlackElo "1733"]
[PlyCount "125"]
[EventDate "2009.09.18"]

1. e4 c5 2. Nf3 d6 3. c3 Nc6 4. d4 cxd4 5. cxd4 e6 6. Nc3 Be7 7. d5 exd5 8.
exd5 Nb8 9. Bd3 Nf6 10. O-O O-O 11. Re1 Bg4 12. h3 Bh5 13. g4 Bg6 14. Nd4 Nbd7
15. f4 Bxd3 16. Qxd3 Re8 17. Bd2 Nb6 18. Nf5 Bf8 19. g5 Rxe1+ 20. Rxe1 Ne8 21.
Qd4 Qd7 22. Qd3 Nc7 23. Kh2 Na6 24. Rg1 Nc5 25. Nh6+ Kh8 26. Qd4 Re8 27. b4
Nca4 28. Nxa4 Nxa4 29. Rg2 b5 30. Ng4 Nb6 31. Bc3 Qf5 32. Rd2 Re4 33. Qf2 Rxf4
34. Qg2 Qxg5 35. Re2 h5 36. Re8 Nd7 37. Bd2 hxg4 38. Qg3 Rf2+ 39. Qxf2 Qxd5 40.
Bf4 Kg8 41. Qd2 Qxd2+ 42. Bxd2 gxh3 43. Bf4 Ne5 44. Kxh3 f6 45. Ra8 Kf7 46.
Rxa7+ Ke6 47. Rb7 Nd3 48. Bd2 Nf2+ 49. Kg2 Ne4 50. Be1 g5 51. Rxb5 f5 52. a4 d5
53. a5 Nd6 54. Rb6 Kd7 55. a6 Nc8 56. Rf6 Be7 57. Rxf5 Nb6 58. b5 Ke6 59. Rf2
Bc5 60. Rc2 Nc4 61. Bf2 Bxf2 62. Kxf2 Kd6 63. a7 1-0

[Event "IX Festival Piemonte Scacchi"]
[Site "Torino ITA"]
[Date "2009.09.20"]
[Round "5"]
[White "Babilonia, Mauricio Rafael"]
[Black "Giacone, Maurizio"]
[Result "1-0"]
[WhiteElo "1998"]
[BlackElo "1653"]
[PlyCount "89"]
[EventDate "2009.09.18"]

1. d4 d5 2. c4 e6 3. Nc3 c6 4. Nf3 Nf6 5. Bg5 dxc4 6. e4 Be7 7. Bxc4 Nbd7 8.
O-O h6 9. Bh4 Qc7 10. e5 Nd5 11. Ne4 O-O 12. Bxd5 Bxh4 13. Bxe6 Bxf2+ 14. Rxf2
fxe6 15. Nd6 b5 16. Rc1 a6 17. Rfc2 Nb8 18. Nxc8 Qxc8 19. Nd2 Rf4 20. Nb3 a5
21. Qd2 Rf8 22. Nxa5 Rxa5 23. Qxa5 Qd7 24. Qc3 Qd5 25. b3 Qe4 26. Rf2 Rd8 27.
Rcf1 Nd7 28. Rf4 Qd5 29. Qf3 Ra8 30. Qxd5 exd5 31. Rf7 Nf8 32. Rxf8+ Rxf8 33.
Rxf8+ Kxf8 34. Kf2 b4 35. Ke3 Ke7 36. Kf4 Ke6 37. g4 g5+ 38. Ke3 Kf7 39. Kd3
Ke6 40. h3 Kd7 41. Kc2 Ke6 42. a4 bxa3 43. b4 Kf7 44. Kb3 Kg6 45. Kxa3 1-0

[Event "IX Festival Piemonte Scacchi"]
[Site "Torino ITA"]
[Date "2009.09.20"]
[Round "5"]
[White "Berutti, Mario"]
[Black "Ravazzolo, Gildo"]
[Result "1-0"]
[WhiteElo "1718"]
[BlackElo "1692"]
[PlyCount "49"]
[EventDate "2009.09.18"]

1. e4 g6 2. d4 Bg7 3. Nc3 d6 4. Be3 e6 5. Qd2 Nd7 6. Bd3 Ne7 7. Bh6 O-O 8. h4
Nc6 9. Nf3 Qe7 10. h5 e5 11. Bxg7 Kxg7 12. hxg6 fxg6 13. Nd5 Qf7 14. Ng5 Qg8
15. Nxh7 Kf7 16. Nxc7 Qg7 17. Nxf8 Nxf8 18. Bc4+ Ke7 19. Nxa8 Kd8 20. O-O-O
Nxd4 21. c3 b5 22. cxd4 bxc4 23. dxe5 Qxe5 24. Qxd6+ Qxd6 25. Rxd6+ 1-0